| 000 | 00450nam a2200169Ia 4500 | ||
|---|---|---|---|
| 008 | 230917s9999||||xx |||||||||||||| ||und|| | ||
| 020 | _cEUR79.99 | ||
| 040 |
_e240761 _aMAIN |
||
| 041 | _aEnglish | ||
| 082 | _a338.4791 M136R | ||
| 100 | _aMcCool, Stephen F | ||
| 245 | 0 | _aReframing sustainable tourism | |
| 260 |
_aNew York _bSpringer _c2016 |
||
| 300 | _axix, 250 p. | ||
| 500 | _a2751 27/06/2017 PBA17/409 28/06/2017 Main Budget | ||
| 942 | _cBK | ||
| 999 |
_c22907 _d22907 |
||